[Event "Vojvodina-chT"]
[Site "Novi Sad"]
[Date "2015.11.14"]
[Round "6.4"]
[White "Banovic, Ivan"]
[Black "Cabarkapa, Velibor"]
[Result "1/2-1/2"]
[WhiteElo "2185"]
[BlackElo "2316"]
[PlyCount "182"]
[EventDate "2015.11.10"]
[EventType "team-tourn"]
[EventRounds "9"]
[EventCountry "SRB"]
[SourceTitle "CBM 169 Extra"]
[Source "ChessBase"]
[SourceDate "2015.12.18"]
[SourceVersion "1"]
[SourceVersionDate "2015.12.18"]
[SourceQuality "1"]
[WhiteTeam "Petrovaradin Kraljica"]
[BlackTeam "Novi Sad Vojvodina"]
[WhiteTeamCountry "SRB"]
[BlackTeamCountry "SRB"]

1. d4 Nf6 2. Nf3 d5 3. c4 e6 4. Nc3 c6 5. cxd5 exd5 6. Bg5 h6 7. Bh4 Bf5 8. Qb3 g5 9. Bg3 Qb6 10. Qxb6 axb6 11. e3 b5 12. Bxb5 cxb5 13. Nxb5 Bb4+ 14. Ke2 0-0 15. Bd6 Bxd6 16. Nxd6 Bc8 17. Rhc1 Nc6 18. Ne5 Ra6 19. Ke1 Ne4 20. Nb5 Rd8 21. f3 Nf6 22. Nc7 Rb6 23. b3 Ne8 24. Nxe8 Rxe8 25. Nxc6 bxc6 26. Kd2 Bd7 27. g4 Ra8 28. Kc3 Ra3 29. Kb2 Rba6 30. h4 Kg7 31. hxg5 hxg5 32. Rh1 f6 33. Rh2 Ra8 34. Kc3 Re8 35. Re1 Be6 36. Kb4 Rea8 37. Ree2 R3a7 38. Rc2 Bd7 39. Kc3 Kf7 40. a4 Ke7 41. Rh7+ Kd6 42. Rh6 Rf8 43. Kb4 Raa8 44. Kc3 c5 45. dxc5+ Kxc5 46. Rh7 Kd6 47. Kb2 Be6 48. Ka3 Rfb8 49. Rc3 Ke5 50. Re7 Re8 51. Rb7 Rac8 52. Kb2 f5 53. gxf5 Bxf5 54. a5 Rxc3 55. Kxc3 d4+ 56. exd4+ Kf4 57. a6 Kxf3 58. a7 Ra8 59. Rf7 Kf4 60. b4 g4 61. b5 g3 62. b6 g2 63. b7 g1Q 64. b8Q+ Kg5 65. Qxa8 Qc1+ 66. Kb4 Qb2+ 67. Kc5 Qc3+ 68. Kd6 Qxd4+ 69. Qd5 Qb6+ 70. Qc6 Qd4+ 71. Qd5 Qb6+ 72. Ke7 Qxa7+ 73. Kf8 Qb8+ 74. Kg7 Qb2+ 75. Kg8 Qb8+ 76. Rf8 Qf4 77. Qd8+ Kg4 78. Rf6 Qe3 79. Qd6 Qe8+ 80. Kg7 Qe4 81. Kf8 Qa8+ 82. Kg7 Qe4 83. Rf7 Qf3 84. Qd4+ Kg5 85. Qf6+ Kg4 86. Qd4+ Kg5 87. Qf6+ Kg4 88. Re7 Qf4 89. Qf7 Qg5+ 90. Kf8 Qf4 91. Kg7 Qg5+ 1/2-1/2

[Event "Vojvodina-chT"]
[Site "Novi Sad"]
[Date "2015.11.10"]
[Round "1.6"]
[White "Strangar, Zlatko"]
[Black "Cabarkapa, Velibor"]
[Result "1/2-1/2"]
[WhiteElo "2246"]
[BlackElo "2316"]
[PlyCount "68"]
[EventDate "2015.11.10"]
[EventType "team-tourn"]
[EventRounds "9"]
[EventCountry "SRB"]
[SourceTitle "CBM 169 Extra"]
[Source "ChessBase"]
[SourceDate "2015.12.18"]
[SourceVersion "1"]
[SourceVersionDate "2015.12.18"]
[SourceQuality "1"]
[WhiteTeam "Sombor"]
[BlackTeam "Novi Sad Vojvodina"]
[WhiteTeamCountry "SRB"]
[BlackTeamCountry "SRB"]

1. e4 c5 2. Nf3 e6 3. d3 d5 4. Nbd2 Nc6 5. g3 Nge7 6. Bg2 g6 7. 0-0 Bg7 8. Re1 Qc7 9. exd5 exd5 10. Nb3 b6 11. Bf4 Qd8 12. d4 c4 13. Nbd2 0-0 14. Ne5 Be6 15. c3 Rc8 16. h4 Re8 17. h5 Nxe5 18. Bxe5 Qd7 19. Bxg7 Kxg7 20. Nf3 f6 21. Qd2 gxh5 22. Re2 Ng6 23. Rae1 Bf7 24. Kh2 Rxe2 25. Rxe2 Re8 26. Rxe8 Qxe8 27. Nh4 Qe6 28. Qe3 Nxh4 29. Qxe6 Bxe6 30. gxh4 f5 31. Kg3 Kf6 32. Kf4 h6 33. Bf3 Bf7 34. Bd1 Be8 1/2-1/2

[Event "Vojvodina-chT 2nd League"]
[Site "Stari Banovci"]
[Date "2013.11.10"]
[Round "10"]
[White "Cabarkapa, Velibor"]
[Black "Stanojevic, Branko"]
[Result "1/2-1/2"]
[WhiteElo "2289"]
[BlackElo "2291"]
[PlyCount "58"]
[EventDate "2013.11.03"]
[EventType "team-tourn"]
[EventRounds "11"]
[EventCountry "SRB"]
[SourceTitle "EXT 2015"]
[Source "ChessBase"]
[SourceDate "2014.11.20"]
[SourceVersion "1"]
[SourceVersionDate "2014.11.20"]
[SourceQuality "1"]

1. e4 e6 2. d4 d5 3. Nd2 c5 4. exd5 Qxd5 5. dxc5 Bxc5 6. Ngf3 Nc6 7. Bc4 Qd8 8. Qe2 Nf6 9. 0-0 a6 10. Nb3 Bd6 11. a4 Qc7 12. c3 b6 13. Rd1 0-0 14. Bg5 Ne5 15. Rxd6 Nxf3+ 16. Qxf3 Bb7 17. Qd3 Be4 18. Qd1 Qxc4 19. Bxf6 Bd5 20. Nd2 Qf4 21. Be7 Rfe8 22. Rd7 Rxe7 23. Rxe7 Qg5 24. f3 Qxe7 25. Qe2 Qc5+ 26. Qf2 Rc8 27. Qxc5 Rxc5 28. Kf2 f5 29. Ke3 Kf7 1/2-1/2

[Event "Vojvodina-chT 2nd League"]
[Site "Stari Banovci"]
[Date "2013.11.05"]
[Round "3"]
[White "Mijatovic, Dejan"]
[Black "Cabarkapa, Velibor"]
[Result "0-1"]
[WhiteElo "2273"]
[BlackElo "2289"]
[PlyCount "68"]
[EventDate "2013.11.03"]
[EventType "team-tourn"]
[EventRounds "11"]
[EventCountry "SRB"]
[SourceTitle "EXT 2015"]
[Source "ChessBase"]
[SourceDate "2014.11.20"]
[SourceVersion "1"]
[SourceVersionDate "2014.11.20"]
[SourceQuality "1"]

1. d4 Nf6 2. c4 a6 3. Nc3 c5 4. e3 e6 5. Nf3 d5 6. Bd3 Be7 7. 0-0 dxc4 8. Bxc4 b5 9. Bd3 Nbd7 10. Qe2 Bb7 11. Ne5 Qb6 12. Nxd7 Nxd7 13. dxc5 Nxc5 14. e4 Qc6 15. f3 b4 16. Nd1 Nxd3 17. Qxd3 a5 18. Re1 Ba6 19. Qb1 0-0 20. Be3 Rfd8 21. Nf2 Rac8 22. Rc1 Qb5 23. Rxc8 Rxc8 24. Qd1 Bf6 25. Rb1 a4 26. f4 Rd8 27. Qe1 h6 28. e5 Be7 29. Rd1 Rc8 30. Rc1 Rxc1 31. Qxc1 Qd5 32. Qc7 Bb7 33. Kf1 Qxg2+ 34. Ke2 Bh4 0-1

[Event "Vojvodina-ch 3rd"]
[Site "Novi Sad"]
[Date "2012.07.03"]
[Round "7"]
[White "Vucinic, Gojko"]
[Black "Cabarkapa, Velibor"]
[Result "1-0"]
[WhiteElo "2150"]
[BlackElo "2271"]
[PlyCount "50"]
[EventDate "2012.06.29"]
[EventType "swiss"]
[EventRounds "9"]
[EventCountry "SRB"]
[SourceTitle "CBM 149 Extra"]
[Source "ChessBase"]
[SourceDate "2012.08.24"]
[SourceVersion "1"]
[SourceVersionDate "2012.08.24"]
[SourceQuality "1"]

1. e4 c5 2. Nf3 e6 3. d4 cxd4 4. Nxd4 Nf6 5. Nc3 Nc6 6. Ndb5 d6 7. Bf4 e5 8. Bg5 a6 9. Na3 b5 10. Bxf6 gxf6 11. Nd5 Bg7 12. Bd3 Be6 13. c3 Ne7 14. Nc2 Bxd5 15. exd5 Qd7 16. a4 0-0 17. g4 Bh6 18. Qf3 Ng6 19. Qe4 bxa4 20. h4 Rfb8 21. Ra2 a5 22. h5 f5 23. Qxf5 Qxf5 24. Bxf5 Ne7 25. Be4 Bc1 1-0

[Event "Vojvodina-ch 3rd"]
[Site "Novi Sad"]
[Date "2012.07.02"]
[Round "6"]
[White "Cabarkapa, Velibor"]
[Black "Nestorovic, Dejan"]
[Result "0-1"]
[WhiteElo "2271"]
[BlackElo "2390"]
[PlyCount "52"]
[EventDate "2012.06.29"]
[EventType "swiss"]
[EventRounds "9"]
[EventCountry "SRB"]
[SourceTitle "CBM 149 Extra"]
[Source "ChessBase"]
[SourceDate "2012.08.24"]
[SourceVersion "1"]
[SourceVersionDate "2012.08.24"]
[SourceQuality "1"]

1. e4 c5 2. c3 Nf6 3. e5 Nd5 4. Nf3 e6 5. d4 cxd4 6. cxd4 d6 7. a3 Bd7 8. Bd3 Bc6 9. 0-0 Be7 10. b4 a6 11. Re1 Nd7 12. Bd2 Rc8 13. Qe2 N7b6 14. exd6 Qxd6 15. Ne5 0-0 16. Qh5 Nf6 17. Qh3 Bb5 18. Bxb5 axb5 19. Nc3 Qxd4 20. Rad1 Nbd5 21. Nxb5 Qb6 22. Nc3 Rfd8 23. Nxd5 Rxd5 24. Be3 Qd6 25. Rxd5 Qxd5 26. Bb6 Qxe5 0-1

[Event "Vojvodina-ch 3rd"]
[Site "Novi Sad"]
[Date "2012.06.30"]
[Round "3"]
[White "Musicki, Stevan"]
[Black "Cabarkapa, Velibor"]
[Result "0-1"]
[WhiteElo "2118"]
[BlackElo "2271"]
[PlyCount "21"]
[EventDate "2012.06.29"]
[EventType "swiss"]
[EventRounds "9"]
[EventCountry "SRB"]
[SourceTitle "CBM 149 Extra"]
[Source "ChessBase"]
[SourceDate "2012.08.24"]
[SourceVersion "1"]
[SourceVersionDate "2012.08.24"]
[SourceQuality "1"]

1. d4 Nf6 2. c4 a6 3. Nc3 c5 4. d5 b5 5. f3 b4 6. Ne4 Nxe4 7. fxe4 e5 8. Nf3 d6 9. Qc2 Be7 10. Bd2 0-0 11. a3 0-1

[Event "Vojvodina-chT"]
[Site "Sombor"]
[Date "2008.10.04"]
[Round "5"]
[White "Bogic, Stevan"]
[Black "Cabarkapa, Velibor"]
[Result "1-0"]
[WhiteElo "2259"]
[BlackElo "2289"]
[PlyCount "79"]
[EventDate "2008.10.01"]
[EventType "team-tourn"]
[EventRounds "11"]
[EventCountry "YUG"]
[SourceTitle "EXT 2010"]
[Source "ChessBase"]
[SourceDate "2010.11.25"]
[SourceVersion "1"]
[SourceVersionDate "2010.11.25"]
[SourceQuality "1"]

1. d4 d5 2. c4 c6 3. Nf3 Nf6 4. Nc3 e6 5. e3 Nbd7 6. Bd3 dxc4 7. Bxc4 a6 8. e4 c5 9. e5 Ng4 10. h3 cxd4 11. hxg4 dxc3 12. 0-0 Qc7 13. Qe2 b5 14. Bd3 Bb7 15. bxc3 Rd8 16. Bf4 Nc5 17. Bc2 Bd5 18. Rfe1 Be7 19. Ng5 h6 20. Nf3 Bc4 21. Qe3 Nd3 22. Red1 Bc5 23. Nd4 Nb2 24. Rdb1 Na4 25. Bxa4 bxa4 26. Rd1 Rd5 27. Rd2 0-0 28. Re1 Rfd8 29. g5 h5 30. Qe4 g6 31. Re3 Qb6 32. Re1 Bxd4 33. cxd4 Rxd4 34. Rb1 Rxe4 35. Rxb6 Rxd2 36. Bxd2 Rxe5 37. Rb8+ Kh7 38. Bc3 f6 39. Bxe5 fxe5 40. a3 1-0

[Event "Vojvodina-chT"]
[Site "Sremska Mitrovica"]
[Date "2006.09.27"]
[Round "8"]
[White "Dragojlovic, Andjelko"]
[Black "Cabarkapa, Velibor"]
[Result "1-0"]
[WhiteElo "2368"]
[BlackElo "2336"]
[PlyCount "81"]
[EventDate "2006.09.22"]
[EventType "team"]
[EventRounds "9"]
[EventCountry "YUG"]
[SourceTitle "CBM 114 Extra"]
[Source "ChessBase"]
[SourceDate "2006.11.03"]
[SourceVersion "1"]
[SourceVersionDate "2006.11.03"]
[SourceQuality "1"]

1. e4 c5 2. Nf3 e6 3. b3 d6 4. d4 cxd4 5. Nxd4 Bd7 6. Bb2 Nc6 7. Bd3 Nf6 8. 0-0 Be7 9. c4 Nb4 10. Nc3 Nxd3 11. Qxd3 0-0 12. Rad1 a6 13. Rd2 Qc7 14. Kh1 Rfd8 15. f4 Rab8 16. Qg3 Bf8 17. e5 Ne8 18. f5 dxe5 19. fxe6 Bxe6 20. Nxe6 fxe6 21. Rdf2 Bc5 22. Rf3 Bd6 23. Ne4 Rbc8 24. Bxe5 b6 25. Rf8+ Bxf8 26. Bxc7 Nxc7 27. Qf2 b5 28. Qf7+ Kh8 29. c5 h6 30. h3 e5 31. Qg6 Nd5 32. Rf7 Ne3 33. Kg1 a5 34. Nf6 Rd1+ 35. Kf2 Rf1+ 36. Kxe3 Rxf6 37. Rxf6 gxf6 38. Qxf6+ Bg7 39. Qb6 b4 40. g4 Bf8 41. c6 1-0

[Event "SCG-chT Vojvodina"]
[Site "Sombor"]
[Date "2004.10.02"]
[Round "10.5"]
[White "Cabarkapa, Velibor"]
[Black "Azaric, Slavko"]
[Result "1/2-1/2"]
[WhiteElo "2336"]
[BlackElo "2266"]
[PlyCount "124"]
[EventDate "2004.09.25"]
[EventType "team"]
[EventRounds "11"]
[EventCountry "YUG"]
[SourceTitle "CBM 102 Extra"]
[Source "ChessBase"]
[SourceDate "2004.11.03"]
[SourceVersion "1"]
[SourceVersionDate "2004.11.03"]
[SourceQuality "1"]
[WhiteTeam "02"]
[BlackTeam "04"]
[WhiteTeamCountry "YUG"]
[BlackTeamCountry "YUG"]

1. e4 e5 2. Nf3 Nc6 3. Nc3 Nf6 4. g3 Bc5 5. Bg2 d6 6. d3 a6 7. 0-0 Bg4 8. h3 Be6 9. Kh2 h6 10. Be3 Bxe3 11. fxe3 d5 12. exd5 Nxd5 13. Nxd5 Bxd5 14. c4 Be6 15. b3 e4 16. dxe4 Qxd1 17. Raxd1 Ke7 18. e5 Rab8 19. Rf2 Rhd8 20. Rxd8 Rxd8 21. Nd4 Nxd4 22. exd4 Rxd4 23. Bxb7 a5 24. Re2 a4 25. Be4 c5 26. g4 a3 27. Kg3 Rd1 28. Kf2 g5 29. Ke3 Kf8 30. Rd2 Ra1 31. Kd3 Rc1 32. Bf3 Ra1 33. Bg2 Ke7 34. Re2 Kd7 35. Kc3 Kc7 36. Be4 Rc1+ 37. Bc2 Ra1 38. Be4 Kb6 39. Rd2 Rc1+ 40. Rc2 Re1 41. Kd3 Ka5 42. Re2 Rc1 43. Rc2 Rg1 44. Rg2 Rh1 45. Rg3 Rd1+ 46. Ke3 Re1+ 47. Kd3 Kb4 48. Rf3 Rd1+ 49. Ke3 Re1+ 50. Kd3 Rh1 51. Rg3 Rd1+ 52. Ke3 Re1+ 53. Kd3 Rd1+ 54. Ke3 Ra1 55. Rg2 Rh1 56. Rg3 Rh2 57. Bg2 Kc3 58. Kf2+ Kb2 59. Kg1 Kxa2 60. Kxh2 Kb2 61. Bd5 a2 62. Rg2+ Kxb3 1/2-1/2

[Event "YUG Cup1"]
[Site "Yugoslavia"]
[Date "2002.05.18"]
[Round "6"]
[White "Kurcubic, Aleksandar"]
[Black "Cabarkapa, Velibor"]
[Result "1-0"]
[WhiteElo "2349"]
[BlackElo "2357"]
[PlyCount "65"]
[EventDate "2002.05.??"]
[EventType "swiss"]
[EventRounds "7"]
[EventCountry "YUG"]
[SourceTitle "EXT 2006"]
[Source "ChessBase"]
[SourceDate "2005.11.24"]
[SourceVersion "1"]
[SourceVersionDate "2005.11.24"]
[SourceQuality "1"]

1. Nf3 d5 2. c4 d4 3. d3 g6 4. g3 Bg7 5. Bg2 e5 6. 0-0 Ne7 7. Na3 0-0 8. Nc2 a5 9. b3 h6 10. a3 Be6 11. Bb2 Qd7 12. Re1 Nbc6 13. Nd2 Bh3 14. Bh1 f5 15. b4 e4 16. b5 Ne5 17. dxe4 d3 18. exd3 Nxd3 19. Bxg7 Kxg7 20. Re2 f4 21. Nf3 fxg3 22. hxg3 Nf4 23. Rd2 Qg4 24. Ne3 Qh5 25. gxf4 Rxf4 26. Ne1 Qg5+ 27. Bg2 Raf8 28. Raa2 h5 29. Kh2 h4 30. Bxh3 Rxf2+ 31. Rxf2 Qg3+ 32. Kh1 Qxh3+ 33. Kg1 1-0

[Event "YUG-chT"]
[Site "Vrnjacka Banja"]
[Date "1996.??.??"]
[Round "?"]
[White "Dimitrijevic, Milorad"]
[Black "Cabarkapa, Velibor"]
[Result "0-1"]
[WhiteElo "2335"]
[BlackElo "2275"]
[PlyCount "69"]
[EventDate "1996.??.??"]
[EventType "team"]
[EventRounds "11"]
[EventCountry "YUG"]
[SourceTitle "EXT 2000"]
[Source "ChessBase"]
[SourceDate "1999.11.16"]
[SourceVersion "1"]
[SourceVersionDate "1999.11.16"]
[SourceQuality "1"]

1. Nf3 d5 2. c4 c6 3. e3 Nf6 4. d4 e6 5. Bd3 Nbd7 6. Nbd2 Bd6 7. 0-0 0-0 8. e4 dxe4 9. Nxe4 Nxe4 10. Bxe4 f5 11. Bc2 e5 12. c5 Bb8 13. Ng5 Qe8 14. f4 e4 15. Bb3+ Kh8 16. Be3 Nf6 17. d5 h6 18. Nh3 Ng4 19. Bd4 cxd5 20. Bxd5 Qd7 21. Qb3 Nf6 22. Bxf6 Rxf6 23. Rac1 a6 24. Rfd1 Qc7 25. Kh1 Ba7 26. Rc3 Rb8 27. Qc4 Bd7 28. Qd4 Bb5 29. a4 Be8 30. Qe5 Rc8 31. a5 Qd8 32. b4 Bb8 33. Qd4 Qc7 34. Bb3 Bh5 35. Rd2 0-1

[Event "Vojvodina-ch"]
[Site "Yugoslavia"]
[Date "1995.??.??"]
[Round "?"]
[White "Cabarkapa, Velibor"]
[Black "Bulajic, Ratko"]
[Result "1-0"]
[WhiteElo "2355"]
[BlackElo "2270"]
[PlyCount "99"]
[EventDate "1995.??.??"]
[EventType "swiss"]
[EventRounds "7"]
[EventCountry "YUG"]
[SourceTitle "EXT 2002"]
[Source "ChessBase"]
[SourceDate "2001.11.25"]
[SourceVersion "1"]
[SourceVersionDate "2001.11.25"]
[SourceQuality "1"]

1. e4 c5 2. Nf3 d6 3. d4 cxd4 4. Nxd4 Nf6 5. Nc3 a6 6. Bc4 e6 7. Bb3 Nbd7 8. Bg5 Nc5 9. f4 Be7 10. Qe2 h6 11. Bxf6 Bxf6 12. 0-0-0 Qc7 13. g4 Bd7 14. h4 0-0-0 15. Kb1 b5 16. a3 Kb8 17. Qe3 g6 18. Qg3 Rc8 19. Rhe1 Qd8 20. g5 hxg5 21. hxg5 Bg7 22. Re3 Qb6 23. e5 Ka7 24. Qf2 Be8 25. exd6 Rd8 26. Qd2 Bf8 27. Ne4 Nxe4 28. Rxe4 Rxd6 29. Qc3 Bd7 30. Ka2 Rh2 31. Rd3 Rh7 32. Nf3 Bc6 33. Red4 Bxf3 34. Rxd6 Bxd6 35. Rxf3 Qc5 36. Qd2 Rh1 37. Rd3 Qg1 38. Bxe6 fxe6 39. Rxd6 Qc5 40. Rd7+ Kb8 41. Qd6+ Qxd6 42. Rxd6 Re1 43. Rxa6 Kb7 44. Rd6 Kc7 45. Rd4 e5 46. fxe5 Rxe5 47. Rg4 Kb6 48. Kb3 Rc5 49. c3 Rf5 50. a4 1-0

[Event "YUG-chT2"]
[Site "Yugoslavia"]
[Date "1994.??.??"]
[Round "11"]
[White "Bolehradski, Jovica"]
[Black "Cabarkapa, Velibor"]
[Result "0-1"]
[WhiteElo "2175"]
[BlackElo "2285"]
[PlyCount "104"]
[EventDate "1994.??.??"]
[EventType "team"]
[EventRounds "11"]
[EventCountry "YUG"]
[SourceTitle "EXT 1997"]
[Source "ChessBase"]
[SourceDate "1996.11.15"]
[SourceVersion "1"]
[SourceVersionDate "1996.11.15"]
[SourceQuality "1"]

1. e4 c5 2. Nf3 e6 3. d4 cxd4 4. Nxd4 Nf6 5. Nc3 Nc6 6. Ndb5 d6 7. Bf4 e5 8. Bg5 a6 9. Na3 b5 10. Nd5 Be7 11. Bxf6 Bxf6 12. c3 Bb7 13. g3 Ne7 14. Nxe7 Bxe7 15. Bg2 f5 16. Qb3 Rf8 17. 0-0-0 Qc7 18. Rhe1 b4 19. Nb1 fxe4 20. Bxe4 Bxe4 21. Rxe4 bxc3 22. Nxc3 Rb8 23. Qc2 Rf3 24. Rd3 Rxd3 25. Qxd3 Qb7 26. b3 Rc8 27. Kb2 Kf8 28. Qd5 Qb6 29. Re3 Qc6 30. Qxc6 Rxc6 31. Nd5 Rc5 32. Rd3 Bg5 33. b4 Rc8 34. Rc3 Rb8 35. a4 Bd2 36. Rc4 Kf7 37. Kb3 a5 38. b5 Ke6 39. Nc3 Be1 40. Nd1 Rf8 41. f4 Bd2 42. fxe5 dxe5 43. Kc2 Bb4 44. Kd3 Rd8+ 45. Kc2 Rd2+ 46. Kc1 Kd7 47. Rxb4 Rxd1+ 48. Kxd1 axb4 49. a5 e4 50. b6 Kc6 51. Kc2 e3 52. Kd3 b3 0-1

[Event "Vrbas IT"]
[Site "Vrbas"]
[Date "1994.??.??"]
[Round "10"]
[White "Cabarkapa, Velibor"]
[Black "Cabarkapa, Spasoje"]
[Result "1-0"]
[WhiteElo "2285"]
[BlackElo "2265"]
[PlyCount "51"]
[EventDate "1994.??.??"]
[EventType "tourn"]
[EventRounds "11"]
[EventCountry "YUG"]
[EventCategory "3"]
[SourceTitle "EXT 2002"]
[Source "ChessBase"]
[SourceDate "2001.11.25"]
[SourceVersion "1"]
[SourceVersionDate "2001.11.25"]
[SourceQuality "1"]

1. e4 c5 2. Nf3 Nc6 3. Nc3 e6 4. Bb5 Nge7 5. 0-0 a6 6. Bxc6 Nxc6 7. Re1 d6 8. d4 cxd4 9. Nxd4 Be7 10. Nxc6 bxc6 11. e5 d5 12. Qg4 Bf8 13. Kh1 Rb8 14. b3 h6 15. Na4 c5 16. Be3 Qc7 17. Rad1 Bd7 18. Nb2 g6 19. h4 Bg7 20. h5 g5 21. f4 Rb4 22. Nd3 Re4 23. Bxc5 Rxf4 24. Nxf4 Qxc5 25. Re2 0-0 26. Nxd5 1-0

[Event "YUG-chT2"]
[Site "Yugoslavia"]
[Date "1994.??.??"]
[Round "8"]
[White "Cabarkapa, Velibor"]
[Black "Lazarevic, Aleksandar"]
[Result "1-0"]
[WhiteElo "2285"]
[BlackElo "2175"]
[PlyCount "61"]
[EventDate "1994.??.??"]
[EventType "team"]
[EventRounds "11"]
[EventCountry "YUG"]
[SourceTitle "EXT 1997"]
[Source "ChessBase"]
[SourceDate "1996.11.15"]
[SourceVersion "1"]
[SourceVersionDate "1996.11.15"]
[SourceQuality "1"]

1. e4 c5 2. Nf3 e6 3. d4 cxd4 4. Nxd4 Nc6 5. Nc3 Qc7 6. g3 a6 7. Bg2 d6 8. 0-0 Bd7 9. Re1 Be7 10. Nxc6 Bxc6 11. Bf4 b5 12. a4 b4 13. Na2 a5 14. c3 bxc3 15. Nxc3 Rb8 16. Rc1 Qd7 17. e5 d5 18. Qg4 g6 19. Red1 h5 20. Qe2 Nh6 21. Nxd5 Bxd5 22. Bxd5 exd5 23. e6 Qxe6 24. Qxe6 fxe6 25. Bxb8 0-0 26. Bc7 Bb4 27. Rc6 Ng4 28. Rxe6 Bc5 29. Bb6 Bxf2+ 30. Bxf2 Rxf2 31. Rxg6+ 1-0

[Event "YUG-chT Cup"]
[Site "Becici"]
[Date "1994.??.??"]
[Round "?"]
[White "Cabarkapa, Velibor"]
[Black "Novoselski, Zoran"]
[Result "1-0"]
[WhiteElo "2285"]
[BlackElo "2370"]
[PlyCount "81"]
[EventDate "1994.??.??"]
[EventType "team"]
[EventRounds "6"]
[EventCountry "YUG"]
[SourceTitle "EXT 2000"]
[Source "ChessBase"]
[SourceDate "1999.11.16"]
[SourceVersion "1"]
[SourceVersionDate "1999.11.16"]
[SourceQuality "1"]

1. e4 c5 2. Nf3 Nc6 3. Nc3 g6 4. d4 cxd4 5. Nxd4 Bg7 6. Be3 Nf6 7. Bc4 Qa5 8. 0-0 0-0 9. Bb3 d6 10. h3 Bd7 11. Qd2 Qh5 12. Nde2 Rfc8 13. Bg5 h6 14. Be3 g5 15. f4 g4 16. e5 dxe5 17. fxe5 Nxe5 18. Nf4 Qh4 19. Bd4 Nc4 20. Bxf6 Qxf6 21. Qxd7 Rd8 22. Qxg4 Ne3 23. Qg3 Qg5 24. Qf3 Nxf1 25. Rxf1 e6 26. Nh5 Bd4+ 27. Kh1 Kh8 28. Ne4 Qg6 29. Nf4 Qg7 30. Nh5 Qg6 31. Nhf6 Bxb2 32. c3 Ba3 33. Bc2 Qf5 34. Qe2 Qe5 35. Qe3 Bf8 36. Ng4 Qg7 37. Nef6 Rac8 38. Ne5 Bc5 39. Qe4 Rc7 40. Nh5 Qg8 41. Qf4 1-0

[Event "Vrbas IT"]
[Site "Vrbas"]
[Date "1994.??.??"]
[Round "4"]
[White "Cabarkapa, Velibor"]
[Black "Peev, Peicho Chonev"]
[Result "0-1"]
[WhiteElo "2285"]
[BlackElo "2385"]
[PlyCount "88"]
[EventDate "1994.??.??"]
[EventType "tourn"]
[EventRounds "11"]
[EventCountry "YUG"]
[EventCategory "3"]
[SourceTitle "EXT 2002"]
[Source "ChessBase"]
[SourceDate "2001.11.25"]
[SourceVersion "1"]
[SourceVersionDate "2001.11.25"]
[SourceQuality "1"]

1. e4 c5 2. Nf3 Nc6 3. Nc3 a6 4. d4 cxd4 5. Nxd4 d6 6. Bc4 Nf6 7. Nxc6 bxc6 8. e5 Nd7 9. exd6 exd6 10. 0-0 Be7 11. Bf4 Nf6 12. Re1 d5 13. Bd3 0-0 14. h3 Be6 15. Ne2 c5 16. Ng3 Bd6 17. Qf3 Bxf4 18. Qxf4 Qb8 19. Qxb8 Rfxb8 20. b3 g6 21. Be2 a5 22. Bf3 a4 23. Ne2 Rb4 24. g3 axb3 25. cxb3 g5 26. Nc3 h6 27. Rad1 Rd8 28. Kg2 Kg7 29. Rd2 d4 30. Red1 h5 31. Na4 g4 32. Be2 c4 33. Nc5 Bd5+ 34. Kh2 d3 35. Bf1 Bf3 36. Rc1 Rb5 37. Rxc4 Rxc5 38. Rxc5 Ne4 39. Rxd3 Rxd3 40. Rxh5 Rd2 41. hxg4 Rxf2+ 42. Kg1 Rxa2 43. Rf5 Bxg4 44. Rf4 f5 0-1

[Event "YUG-chT Cup"]
[Site "Becici"]
[Date "1994.??.??"]
[Round "?"]
[White "Cabarkapa, Velibor"]
[Black "Ristic, Nenad"]
[Result "0-1"]
[WhiteElo "2285"]
[BlackElo "2380"]
[PlyCount "69"]
[EventDate "1994.??.??"]
[EventType "team"]
[EventRounds "6"]
[EventCountry "YUG"]
[SourceTitle "EXT 2000"]
[Source "ChessBase"]
[SourceDate "1999.11.16"]
[SourceVersion "1"]
[SourceVersionDate "1999.11.16"]
[SourceQuality "1"]

1. e4 c5 2. Nf3 d6 3. d4 cxd4 4. Nxd4 Nf6 5. Nc3 g6 6. Be3 Bg7 7. Bc4 0-0 8. f3 Nc6 9. Qd2 Bd7 10. h4 h5 11. 0-0-0 Ne5 12. Bb3 Rc8 13. Bh6 Bxh6 14. Qxh6 Rxc3 15. bxc3 Qc7 16. Kb1 Rc8 17. g4 a5 18. Nf5 Bxf5 19. gxf5 a4 20. Bxa4 Qxc3 21. Bb3 Nc4 22. Qc1 Qxf3 23. fxg6 fxg6 24. Qh6 Qc3 25. Qc1 Nxe4 26. Rhe1 Qe5 27. Rxe4 Qxe4 28. Re1 Qxh4 29. Rh1 Qd4 30. Rd1 Qg7 31. c3 Kh7 32. Bc2 Rc5 33. Rg1 Rb5+ 34. Bb3 Na5 35. c4 0-1